00745nam a2200205Ia 4500001002200000003000900022008004100031040002300072041001300095100004400108240005500152245005400207250001500261260002900276300001900305490004400324500001800368501012400386700002900510262-RAT jo nu (18131)IT-MiSPE171229s9999||||xx |||||||||||||| ||und|| aIT-MiSPEcIT-MiSPE aITALIANO aJoseph Ratzinger (Benedictus XVI)gpapa aDas neue Volk Gottes: Entwürfe zur Ekklesiologie 0aIl nuovo popolo di DiobQuestioni ecclesiologiche a1a ed. (v) aBrescabQuerinianac1971 a440 p. c23 cm aBiblioteca di teologia contemporaneav7 aEcclesiologia aEdizioni San Paolo srl - Piazza Soncino, 5 - 20092 CINISELLO BALSAMO (MI) (non commercial uses only) ® Copyright 2018 aGermano Reg(traduzione)